Online Catalogue and eLibrary

Population Policy and Women's Rights: (Record no. 1475)

MARC details
000 -LEADER
fixed length control field 00549nam a2200205Ia 4500
005 - DATE AND TIME OF LATEST TRANSACTION
control field 20250127053900.0
008 - FIXED-LENGTH DATA ELEMENTS--GENERAL INFORMATION
fixed length control field 240331s9999 xx 000 0 und d
020 ## - INTERNATIONAL STANDARD BOOK NUMBER
ISBN 0275946118
082 ## - DDC Classification
Item Number - Author Mark DIX
DDC Edition Number 3263
Class No. 304.6
100 ## - MAIN ENTRY--PERSONAL NAME
Personal name Dixon-Mueller, R
245 #0 - TITLE STATEMENT
Title Population Policy and Women's Rights:
Remainder of title Transforming Reproductive Choice
260 ## - PUBLICATION, DISTRIBUTION, ETC.
Place of publication, distribution, etc. Westport
Name of publisher, distributor, etc. Praeger Publishers
Date of publication, distribution, etc. 1993
300 ## - PHYSICAL DESCRIPTION
Extent (e.g. Volumes, Pages etc.) xiii, 287 p.,
650 ## - SUBJECT ADDED ENTRY--TOPICAL TERM
Topical term or geographic name entry element Women
650 ## - SUBJECT ADDED ENTRY--TOPICAL TERM
Topical term or geographic name entry element Population
650 ## - SUBJECT ADDED ENTRY--TOPICAL TERM
Topical term or geographic name entry element Women's Rights
650 ## - SUBJECT ADDED ENTRY--TOPICAL TERM
Topical term or geographic name entry element Feminism
650 ## - SUBJECT ADDED ENTRY--TOPICAL TERM
Topical term or geographic name entry element Reproduction
942 ## - Koha item type (Biblio)
Koha item type Books in Stacks (Lending)
Holdings
Lost status Damaged status Collection code Home library Current library Shelving location Date acquired Full call number Accession Number Item type
    Lending WERC Library WERC Library Social Science Cupboard 03/31/2024 304.6 DIX 3263 Books in Stacks (Lending)

© WERC Library